| 000 | 00411nam a2200145Ia 4500 | ||
|---|---|---|---|
| 008 | 151213s9999 xx 000 0 und d | ||
| 100 | _aLowe, Janet | ||
| 245 |
_aThe rediscovered Benjamin Graham: _bselected writing of the wall street legend _cLowe, Janet |
||
| 260 |
_aNew York _bJohn Wiley _c1999 |
||
| 300 | _a1764 p. | ||
| 650 | _aManagement | ||
| 650 | _aManagement | ||
| 700 | _aLowe, Janet | ||
| 999 |
_c1297 _d1297 |
||